[Event "European Team Championship"]
[Site "Reykjavik ISL"]
[Date "2015.11.17"]
[EventDate "2015.11.13"]
[Round "5.6"]
[Result "1/2-1/2"]
[White "Richard Forster"]
[Black "Frode Olav Olsen Urkedal"]
[WhiteElo "2459"]
[BlackElo "2505"]
[PlyCount "132"]

1. e4 e5 2. Bc4 Nf6 3. d3 Nc6 4. Nc3 Na5 5. Qf3 Nxc4 6. dxc4
d6 7. Nge2 Be7 8. h3 c6 9. O-O Be6 10. b3 O-O 11. Rd1 Qc7
12. a4 Rfd8 13. Ng3 Rac8 14. Ba3 a6 15. Rd3 Bf8 16. Rad1 Ne8
17. Nf5 g6 18. Qg3 d5 19. Bxf8 Kxf8 20. cxd5 cxd5 21. Ne3 d4
22. Ncd5 Qb8 23. Nc4 Bxd5 24. exd5 f6 25. a5 Rc5 26. f4 exf4
27. Qh4 Kg7 28. Rxd4 Nd6 29. Nxd6 Qxd6 30. c4 Rxa5 31. Qxf4
Qxf4 32. Rxf4 Ra3 33. Rf3 a5 34. d6 Kf7 35. Re3 Rd7 36. c5 a4
37. Rde1 Rxb3 38. Re7+ Rxe7 39. Rxe7+ Kf8 40. Re4 Kf7 41. Rxa4
Rb5 42. Rc4 Ke8 43. Kf2 Kd7 44. Ke3 Kc6 45. Rd4 Kd7 46. Rc4
Kc6 47. Kd3 Rb3+ 48. Kc2 Rb5 49. Kd3 Rb3+ 50. Ke4 Rb2 51. Rd4
Kd7 52. g4 Rb5 53. Rc4 Kc6 54. h4 Rb1 55. Rd4 Re1+ 56. Kf4 Re8
57. Re4 Rd8 58. Re7 Kxc5 59. Rxb7 Rxd6 60. Rc7+ Kd5 61. Rxh7
Ke6 62. Rg7 Rd4+ 63. Kf3 Rd3+ 64. Ke4 Rh3 65. Rxg6 Rxh4
66. Kf4 Rh1 1/2-1/2

[Event "European Team Championship"]
[Site "Reykjavik ISL"]
[Date "2015.11.17"]
[EventDate "2015.11.13"]
[Round "5.7"]
[Result "1-0"]
[White "Anish Giri"]
[Black "Alexander Beliavsky"]
[WhiteElo "2778"]
[BlackElo "2622"]
[PlyCount "231"]

1. e4 e5 2. Nf3 Nc6 3. Bc4 Bc5 4. O-O Nf6 5. d3 d6 6. c3 O-O
7. Nbd2 a6 8. Bb3 Ba7 9. h3 Be6 10. Bc2 d5 11. exd5 Nxd5
12. Re1 Nf4 13. Nc4 Bxc4 14. dxc4 Qxd1 15. Rxd1 Ne2+ 16. Kf1
Nxc1 17. Raxc1 Rae8 18. Rd7 Bb6 19. Ng5 Nb8 20. Rd2 g6 21. Re1
c6 22. Ne4 Rd8 23. Red1 Rxd2 24. Rxd2 Rd8 25. Rxd8+ Bxd8
26. c5 Kf8 27. Nd6 b6 28. Nc4 bxc5 29. Nxe5 Bc7 30. Nd3 Bd6
31. Ba4 c4 32. Nc1 Ke7 33. g3 Be5 34. Ne2 Kd6 35. Ng1 Nd7
36. Nf3 Bf6 37. Nd2 Kd5 38. Bd1 Be7 39. b3 Nb6 40. bxc4+ Ke6
41. Bb3 f5 42. Nf3 c5 43. Ng1 Bg5 44. Ke2 Bf6 45. Kd2 Nc8
46. Ne2 Be5 47. Kd3 Nd6 48. f3 Kd7 49. Ba4+ Kc7 50. g4 fxg4
51. fxg4 g5 52. Nc1 Bf4 53. Nb3 Kb6 54. Bd7 h6 55. Be6 Kc6
56. a4 Ne8 57. Bc8 Nc7 58. Ke4 Kd6 59. Kf5 Be3 60. a5 Ke7
61. Kg6 Kd8 62. Bb7 Ke7 63. Kxh6 Kf6 64. Kh7 Kf7 65. Bc6 Kf6
66. Kg8 Kg6 67. Bd7 Kf6 68. Kh7 Kf7 69. Kh6 Kf6 70. Kh5 Ke7
71. Bc8 Kf6 72. Kh6 Kf7 73. Bb7 Kf6 74. Bc6 Kf7 75. Kh7 Kf6
76. Bd7 Kf7 77. Kh6 Kf6 78. Bc8 Kf7 79. Bb7 Kf6 80. Kh7 Kf7
81. Bg2 Kf6 82. Bc6 Kf7 83. Bb7 Kf6 84. Kh6 Kf7 85. Bc6 Kf6
86. Bd7 Kf7 87. Bf5 Kf6 88. Bc8 Kf7 89. Bb7 Kf6 90. Bg2 Kf7
91. Bf3 Kf6 92. Bb7 Kf7 93. h4 gxh4+ 94. Kh5 h3 95. Kh4 h2
96. Kg3 Bg1 97. Nd2 Kf6 98. Nf1 Kg5 99. Nd2 Kf6 100. Nf1 Kg5
101. Nxh2 Bxh2+ 102. Kxh2 Kxg4 103. Kg2 Kf4 104. Kf2 Ke5
105. Kf3 Kf5 106. Bc8+ Ke5 107. Ke3 Kd6 108. Ke4 Ne6 109. Bxa6
Ng5+ 110. Kf4 Nf7 111. Bb7 Kc7 112. Bd5 Nd6 113. Ke5 Nc8
114. Bf3 Na7 115. Kd5 Nc6 116. Kxc5 1-0

[Event "European Team Championship"]
[Site "Reykjavik ISL"]
[Date "2015.11.17"]
[EventDate "2015.11.13"]
[Round "5.7"]
[Result "0-1"]
[White "Loek van Wely"]
[Black "Jure Borisek"]
[WhiteElo "2632"]
[BlackElo "2565"]
[PlyCount "112"]

1. d4 Nf6 2. c4 g6 3. Nc3 d5 4. Bf4 Bg7 5. Nf3 O-O 6. Rc1 Be6
7. e3 dxc4 8. Ng5 Bd5 9. e4 h6 10. exd5 hxg5 11. Bxg5 Nxd5
12. Bxc4 Nb6 13. Bb3 Nc6 14. d5 Na5 15. O-O Nxb3 16. Qxb3 Bxc3
17. Rxc3 Qxd5 18. Bxe7 Rfe8 19. Bc5 Re2 20. Rfc1 Rd8 21. h3
Qe5 22. Be3 Nd5 23. Rd3 Rd6 24. Bc5 Qg5 25. Rc4 Re1+ 26. Kh2
Qe5+ 27. Rg3 Ne3 28. Bxe3 Rdd1 29. Qxd1 Rxd1 30. h4 b6 31. b4
Qa1 32. Rg5 Rh1+ 33. Kg3 Qg1 34. h5 Rh2 35. Kf3 Rxh5 36. Rxh5
Qd1+ 37. Kg3 gxh5 38. Kh2 Qd5 39. Rc1 Qd6+ 40. Kh3 Qxb4
41. Rxc7 Qg4+ 42. Kh2 Qh4+ 43. Kg1 Qa4 44. Rb7 Kg7 45. Kh2
Qxa2 46. Bd4+ Kg6 47. Be3 Qa6 48. Rc7 f6 49. Kg3 Qa4 50. Kh2
a6 51. Bxb6 Qb5 52. Bc5 a5 53. Kg1 a4 54. Bd6 Qb1+ 55. Kh2 Qb6
56. Rd7 Qd4 0-1

[Event "European Team Championship"]
[Site "Reykjavik ISL"]
[Date "2015.11.17"]
[EventDate "2015.11.13"]
[Round "5.9"]
[Result "1/2-1/2"]
[White "Robert Kempinski"]
[Black "Baris Esen"]
[WhiteElo "2614"]
[BlackElo "2565"]
[PlyCount "100"]

1. d4 d5 2. c4 c6 3. Nf3 Nf6 4. e3 Bf5 5. Nc3 e6 6. Nh4 Be4
7. f3 Bg6 8. Nxg6 hxg6 9. g3 Nbd7 10. Kf2 a6 11. Kg2 dxc4
12. Bxc4 c5 13. dxc5 Bxc5 14. Qe2 Rc8 15. Rd1 Qc7 16. Bb3 Ba7
17. Bd2 Qe5 18. Rac1 Qh5 19. h4 Rd8 20. e4 O-O 21. Bg5 Ne5
22. Rxd8 Rxd8 23. g4 Qh8 24. Na4 Kh7 25. Nc5 Rc8 26. Nxb7 Rxc1
27. Bxc1 Qc8 28. Bf4 Nxf3 29. Nd6 Nd4 30. Nxc8 Nxe2 31. Bg5
Bc5 32. Bc4 Nd4 33. Bxf6 gxf6 34. Bxa6 f5 35. exf5 exf5
36. Bc4 Kg7 37. g5 f6 38. a3 Nc2 39. b4 Nxb4 40. axb4 Bxb4
41. gxf6+ Kxf6 42. Nb6 Be1 43. Nd7+ Kg7 44. Kh3 Bc3 45. Nc5
Bf6 46. Bb5 Kh6 47. Be8 Kh5 48. Ba4 Bxh4 49. Bd1+ Kg5 50. Nd3
f4 1/2-1/2

[Event "European Team Championship"]
[Site "Reykjavik ISL"]
[Date "2015.11.17"]
[EventDate "2015.11.13"]
[Round "5.10"]
[Result "1-0"]
[White "Levon Aronian"]
[Black "Daniele Vocaturo"]
[WhiteElo "2781"]
[BlackElo "2588"]
[PlyCount "125"]

1. d4 e6 2. Nf3 c5 3. g3 Nf6 4. Bg2 cxd4 5. O-O d5 6. Nxd4 e5
7. Nf3 Nc6 8. c4 d4 9. e3 Be7 10. exd4 exd4 11. Re1 O-O
12. Bf4 Bb4 13. Bd2 Qb6 14. Bxb4 Qxb4 15. Qb3 Qxb3 16. axb3
Bf5 17. Nbd2 Rfe8 18. Rxe8+ Rxe8 19. b4 Ne4 20. Nxe4 Bxe4
21. b5 Bxf3 22. Bxf3 Ne5 23. Bd5 g5 24. Rd1 d3 25. Bxb7 Nxc4
26. Rxd3 Re7 27. b3 Ne5 28. Rd8+ Kg7 29. Be4 h5 30. Kg2 Nd7
31. Bc6 Ne5 32. h3 Kf6 33. Rd4 Re6 34. Be4 Rb6 35. f4 gxf4
36. gxf4 Ng6 37. Bd3 Ne7 38. Kf2 h4 39. Rd7 Nc8 40. Bc4 Nd6
41. Rxa7 Nxb5 42. Rxf7+ Kg6 43. f5+ Kh6 44. f6 Nd6 45. Re7
Nxc4 46. bxc4 Kg6 47. f7 Kg7 48. Re4 Kxf7 49. Rxh4 Rb3
50. Rf4+ Ke6 51. Rf3 Rb2+ 52. Kg3 Rc2 53. Rf4 Ke5 54. h4 Rc3+
55. Kg4 Rc1 56. Kg5 Ra1 57. h5 Ra8 58. Rf5+ Ke6 59. Rf6+ Ke5
60. h6 Ra1 61. Kg6 Rc1 62. Rf5+ Ke6 63. h7 1-0

[Event "European Team Championship"]
[Site "Reykjavik ISL"]
[Date "2015.11.17"]
[EventDate "2015.11.13"]
[Round "5.10"]
[Result "1/2-1/2"]
[White "Hrant Melkumyan"]
[Black "Danyyil Dvirnyy"]
[WhiteElo "2632"]
[BlackElo "2561"]
[PlyCount "158"]

1. d4 Nf6 2. Nf3 g6 3. Bg5 Bg7 4. c3 O-O 5. Nbd2 d6 6. e4 c5
7. dxc5 dxc5 8. h3 Qc7 9. Be2 Nc6 10. O-O Nh5 11. Be3 b6
12. Re1 Nf4 13. Bf1 Rd8 14. Qc2 Ne5 15. Nxe5 Bxe5 16. Nc4 Bg7
17. a4 Bb7 18. a5 Ne6 19. axb6 axb6 20. Qb3 Bxe4 21. Qxb6 Qxb6
22. Nxb6 Rab8 23. Nc4 Bc2 24. Ra7 Bf6 25. Bc1 h5 26. Ra5 Kg7
27. Be3 Bb3 28. Rc1 Rdc8 29. Nd2 Bg5 30. Bxg5 Nxg5 31. Re1 Ne6
32. Nxb3 Rxb3 33. Bc4 Rxb2 34. Ra7 Rcb8 35. Re3 R8b7 36. Rxb7
Rxb7 37. Bxe6 fxe6 38. Rxe6 Rc7 39. f4 Kf7 40. Re5 Kf6 41. Kf2
h4 42. Ke3 e6 43. Rg5 Rc8 44. Kd3 Rd8+ 45. Kc4 Rd2 46. Rg4 Rc2
47. Rxh4 Rxg2 48. Kxc5 Kf5 49. c4 Rd2 50. Kb5 Rb2+ 51. Kc6 Rb4
52. Kc5 Rb3 53. Kd4 Rb8 54. Kd3 Rd8+ 55. Ke3 Rc8 56. Kd3 Rd8+
57. Kc2 Rb8 58. Kc3 Rc8 59. Rg4 Rh8 60. Rg1 Kxf4 61. Rf1+ Ke4
62. Re1+ Kf4 63. Kd4 Rd8+ 64. Kc5 Rc8+ 65. Kb5 Rb8+ 66. Ka6
Rc8 67. Rc1 e5 68. c5 e4 69. c6 e3 70. Kb7 Rg8 71. c7 e2
72. c8=Q Rxc8 73. Kxc8 Ke3 74. Kd7 Kd2 75. Rg1 e1=Q 76. Rxe1
Kxe1 77. Ke6 Kf2 78. Kf6 Kg3 79. Kxg6 Kxh3 1/2-1/2

[Event "European Team Championship"]
[Site "Reykjavik ISL"]
[Date "2015.11.17"]
[EventDate "2015.11.13"]
[Round "5.12"]
[Result "0-1"]
[White "Nikola Djukic"]
[Black "Viktor Bologan"]
[WhiteElo "2553"]
[BlackElo "2630"]
[PlyCount "114"]

1. e4 c5 2. Nf3 d6 3. d4 cxd4 4. Nxd4 Nf6 5. Nc3 a6 6. Be3 e5
7. Nb3 Be6 8. h3 Be7 9. Qf3 Nbd7 10. g4 h6 11. O-O-O Rc8
12. Nd5 Nf8 13. Qe2 Ng6 14. Bg2 Bxd5 15. exd5 Nh4 16. f4 Nd7
17. Kb1 exf4 18. Bxf4 O-O 19. Rhf1 Ng6 20. Bc1 Bf6 21. Nd4 Nc5
22. Nf5 Nh4 23. Nxh4 Bxh4 24. Be3 b5 25. Bd4 b4 26. Be4 Qe7
27. Bd3 Qxe2 28. Bxe2 Rfe8 29. Bc4 a5 30. Bb5 Re7 31. Rf3 Ne4
32. a3 Bg5 33. Rfd3 Rb8 34. Bc6 Bf6 35. Bxf6 gxf6 36. Rc1 Kg7
37. Ka1 Nc5 38. Rf3 b3 39. Kb1 Re2 40. a4 Rb4 41. Bb5 bxc2+
42. Rxc2 Re1+ 43. Ka2 Nxa4 44. Bc6 Nc5 45. Rcf2 Ne4 46. Rc2 a4
47. b3 axb3+ 48. Rxb3 Ra1+ 49. Kxa1 Rxb3 50. Re2 Nc3 51. Re1
f5 52. gxf5 Kf6 53. Be8 Nxd5 54. h4 Nc3 55. h5 d5 56. Bc6 Rb6
57. Be8 d4 0-1

[Event "European Team Championship"]
[Site "Reykjavik ISL"]
[Date "2015.11.17"]
[EventDate "2015.11.13"]
[Round "5.13"]
[Result "1-0"]
[White "Tomi Nyback"]
[Black "Aloyzas Kveinys"]
[WhiteElo "2594"]
[BlackElo "2510"]
[PlyCount "129"]

1. d4 Nf6 2. c4 e6 3. g3 Bb4+ 4. Bd2 a5 5. Bg2 d6 6. Nf3 Nbd7
7. O-O e5 8. dxe5 Nxe5 9. Nxe5 dxe5 10. Qa4+ Qd7 11. Qxd7+
Nxd7 12. Nc3 c6 13. a3 Bc5 14. Rac1 a4 15. Ne4 f6 16. Rfd1 Be7
17. Bb4 Nb8 18. f4 exf4 19. gxf4 Be6 20. Nd6+ Bxd6 21. Bxd6
Nd7 22. e4 g5 23. f5 Bf7 24. c5 Bb3 25. Rd4 O-O-O 26. Bf3 Ne5
27. Bh5 Rd7 28. Bxe5 fxe5 29. Rxd7 Kxd7 30. Rc3 Ke7 31. Rd3
Rf8 32. Rd2 Rf6 33. Kg2 Rh6 34. Bf3 Rh4 35. Kg3 Rf4 36. Rd6 g4
37. Bxg4 Rxe4 38. f6+ Ke8 39. Bc8 Rc4 40. Bxb7 Rxc5 41. Bxc6+
Kf7 42. Bf3 Kg6 43. Be4+ Kf7 44. Bxh7 Be6 45. Rb6 Rc1 46. Be4
Rg1+ 47. Kf2 Rg4 48. Bc6 Rd4 49. Ke3 Kxf6 50. Rb4 Rd1 51. Bxa4
Rh1 52. Bc6 Rxh2 53. a4 Rh3+ 54. Kf2 Rh2+ 55. Kg1 Rc2 56. Rb6
Kg5 57. a5 Bc4 58. Ba4 Rd2 59. Bb5 Bxb5 60. Rxb5 Kf4 61. Rb3
e4 62. a6 e3 63. a7 Rd1+ 64. Kg2 Rd2+ 65. Kf1 1-0

[Event "European Team Championship"]
[Site "Reykjavik ISL"]
[Date "2015.11.17"]
[EventDate "2015.11.13"]
[Round "5.13"]
[Result "1/2-1/2"]
[White "Tomas Laurusas"]
[Black "Mikael Agopov"]
[WhiteElo "2435"]
[BlackElo "2452"]
[PlyCount "139"]

1. d4 Nf6 2. c4 g6 3. Nc3 d5 4. Nf3 Bg7 5. cxd5 Nxd5 6. Bg5 h6
7. Bh4 c5 8. Rc1 Nxc3 9. bxc3 O-O 10. e3 cxd4 11. cxd4 Nc6
12. Be2 Be6 13. Qa4 Qd7 14. Qa3 Bd5 15. O-O Qe6 16. Rc2 f5
17. Bg3 g5 18. Rfc1 Rad8 19. h3 f4 20. exf4 gxf4 21. Bh4 Rf7
22. Bc4 Bxc4 23. Rxc4 Nxd4 24. Nxd4 Bxd4 25. Qb3 Bb6 26. Qf3
Qd5 27. Re4 Kh7 28. Rce1 Bc5 29. Qc3 Rg8 30. Qc2 Qf5 31. Kh2
Rfg7 32. f3 e5 33. R1e2 Bd4 34. Qd3 Qg6 35. Kh1 Rc7 36. Kh2
Rgg7 37. Rc2 Rc3 38. Qd1 b5 39. Be1 Re3 40. Rxe3 fxe3 41. Qe2
Rf7 42. Rc8 e4 43. f4 Rxf4 44. Qxb5 Rf7 45. Qd5 Qf5 46. Qxf5+
Rxf5 47. Rc4 Bb6 48. Rxe4 Rf1 49. Bc3 Kg6 50. Re6+ Kf7 51. Re4
Kg6 52. Re6+ Kg5 53. a4 Bc7+ 54. g3 Rf2+ 55. Kg1 Rf3 56. Be1
Bb6 57. a5 Bd4 58. Re4 Bc5 59. Kg2 Rf5 60. g4 Rd5 61. Kf3 Kf6
62. Bc3+ Kf7 63. Re5 Rxe5 64. Bxe5 a6 65. Bc7 Kg6 66. Bb6 Bb4
67. Kxe3 h5 68. Bd8 hxg4 69. hxg4 Bc3 70. Ke4 1/2-1/2

[Event "European Team Championship"]
[Site "Reykjavik ISL"]
[Date "2015.11.17"]
[EventDate "2015.11.13"]
[Round "5.13"]
[Result "1-0"]
[White "Tapani Sammalvuo"]
[Black "Mindaugas Beinoras"]
[WhiteElo "2422"]
[BlackElo "2340"]
[PlyCount "89"]

1. d4 d5 2. c4 dxc4 3. Nf3 Nf6 4. e3 e6 5. Bxc4 c5 6. O-O a6
7. Bd3 Nc6 8. a3 cxd4 9. exd4 Be7 10. Nc3 O-O 11. Bc2 b5
12. Qd3 Bb7 13. Re1 Rc8 14. d5 Na5 15. Bg5 Rxc3 16. Qxc3 Nxd5
17. Bxe7 Nxe7 18. a4 Nc4 19. b3 Nd6 20. axb5 Nxb5 21. Qe3 Nd5
22. Qe5 Nb4 23. Be4 Nd3 24. Bxh7+ Kh8 25. Bxd3 Qxd3 26. Re3
Qc2 27. Qh5+ Qh7 28. Qg4 Kg8 29. Ng5 Qg6 30. Rh3 Rc8 31. Qh4
Kf8 32. Rd1 a5 33. Rg3 Qh6 34. Qf4 Rc7 35. Rh3 Qg6 36. Rg3 Bd5
37. h4 Qc2 38. Re1 Bxb3 39. Qe5 Bd5 40. Ne4 Bxe4 41. Rxe4 f5
42. Re1 Qc4 43. Rb1 Na7 44. h5 Qc2 45. Re1 1-0

[Event "European Team Championship"]
[Site "Reykjavik ISL"]
[Date "2015.11.17"]
[EventDate "2015.11.13"]
[Round "5.14"]
[Result "1/2-1/2"]
[White "Ioannis Papaioannou"]
[Black "Hedinn Steingrimsson"]
[WhiteElo "2638"]
[BlackElo "2566"]
[PlyCount "95"]

1. d4 d5 2. c4 c6 3. cxd5 cxd5 4. Bf4 Nf6 5. Nc3 Nc6 6. e3 a6
7. Bd3 Bg4 8. Nge2 e6 9. Rc1 Bd6 10. f3 Bh5 11. O-O O-O
12. Na4 Bg6 13. Nc5 Bxd3 14. Qxd3 Bxf4 15. Nxf4 Qe7 16. Qd2
Rfc8 17. Nfd3 b6 18. Na4 Qb7 19. Rc3 Nd7 20. Rfc1 Ne7 21. Nb4
Rxc3 22. Rxc3 Rc8 23. Rxc8+ Qxc8 24. Qc3 Qxc3 25. Nxc3 a5
26. Na6 Kf8 27. Kf2 Nf5 28. g4 Nd6 29. Nc7 Ke7 30. b3 Kd8
31. N7b5 Nxb5 32. Nxb5 Nb8 33. e4 Nc6 34. Ke3 f6 35. a3 Kd7
36. Nc3 Kd6 37. exd5 exd5 38. h4 Nd8 39. Ne2 Ne6 40. f4 Nc7
41. f5 Nb5 42. a4 Nc7 43. Kd3 Na6 44. Nf4 Nb4+ 45. Kc3 Ke7
46. Kd2 h6 47. Ng6+ Ke8 48. Nf4 1/2-1/2

[Event "European Team Championship"]
[Site "Reykjavik ISL"]
[Date "2015.11.17"]
[EventDate "2015.11.13"]
[Round "5.14"]
[Result "1-0"]
[White "Dimitrios Mastrovasilis"]
[Black "Henrik Danielsen"]
[WhiteElo "2615"]
[BlackElo "2500"]
[PlyCount "111"]

1. e4 e5 2. Nf3 Nf6 3. Nxe5 d6 4. Nf3 Nxe4 5. Nc3 Nxc3 6. dxc3
Be7 7. Bf4 Nc6 8. Qd2 Be6 9. O-O-O Qd7 10. Kb1 a6 11. h3 O-O-O
12. Ng5 Bxg5 13. Bxg5 Rde8 14. b3 h5 15. Be2 Bf5 16. Rhe1 f6
17. Be3 Be4 18. Bf1 h4 19. f3 Bf5 20. Bf2 g5 21. Kb2 Qf7
22. c4 Re5 23. c5 Rd8 24. cxd6 Rxd6 25. Qc3 Qd7 26. Rxd6 Qxd6
27. Rxe5 Qxe5 28. Qxe5 Nxe5 29. f4 Ng6 30. Bd4 Nxf4 31. Bxf6
Ne6 32. Be2 Kd7 33. Bf3 c6 34. b4 Ke8 35. Kc3 Kf7 36. Be5 Ke7
37. a4 Nd8 38. a5 Nf7 39. Bg7 Nd8 40. Bd4 Ne6 41. Be5 Kd7
42. Bf6 Kd6 43. Kd2 Kd7 44. c3 Ke8 45. Bh5+ Kf8 46. Ke3 Kg8
47. Kf2 Kf8 48. Kf3 Bc2 49. Ke3 Bf5 50. c4 Kg8 51. Be5 Kf8
52. Bd6+ Kg8 53. Bf3 Ng7 54. Kd4 Kf7 55. b5 Ke6 56. Bf8 1-0

[Event "European Team Championship"]
[Site "Reykjavik ISL"]
[Date "2015.11.17"]
[EventDate "2015.11.13"]
[Round "5.14"]
[Result "1/2-1/2"]
[White "Gudmundur Kjartansson"]
[Black "Ioannis Nikolaidis"]
[WhiteElo "2475"]
[BlackElo "2563"]
[PlyCount "175"]

1. d4 Nf6 2. c4 e6 3. Nc3 Bb4 4. f3 O-O 5. a3 Bxc3+ 6. bxc3
Ne8 7. e4 Nc6 8. Bd3 b6 9. Ne2 Ba6 10. Be3 Na5 11. c5 Bxd3
12. Qxd3 d6 13. cxd6 cxd6 14. c4 Qc8 15. Rc1 Qa6 16. Nf4 Nc7
17. c5 dxc5 18. dxc5 e5 19. Qxa6 Nxa6 20. Nd3 Nb3 21. Rc3
Nbxc5 22. Bxc5 Nxc5 23. Nxc5 bxc5 24. Rxc5 Rfc8 25. Rxc8+ Rxc8
26. Kd2 g6 27. Rc1 Rd8+ 28. Kc3 Kg7 29. Rc2 Kf6 30. Rd2 Rxd2
31. Kxd2 Ke6 32. Kc3 Kd6 33. Kb4 Kc6 34. Ka5 Kc5 35. Ka6 f5
36. Kxa7 fxe4 37. fxe4 Kd4 38. a4 Kxe4 39. a5 Kd3 40. a6 e4
41. Kb6 e3 42. a7 e2 43. a8=Q e1=Q 44. Qd8+ Ke2 45. Qe7+ Kf1
46. Qxh7 Qe6+ 47. Kc5 Qe5+ 48. Kc4 Qe4+ 49. Kc3 Kxg2 50. h4
Kf3 51. Kd2 Qd5+ 52. Ke1 Qe6+ 53. Kd2 Qd6+ 54. Ke1 Qe5+
55. Kd2 Qd5+ 56. Ke1 Qa5+ 57. Kd1 Qd8+ 58. Ke1 Qf6 59. Kd2
Qb2+ 60. Kd1 Qd4+ 61. Kc2 Qf6 62. Kd2 Kf2 63. Qa7+ Kg3 64. Qh7
Qd4+ 65. Ke2 Qg4+ 66. Ke3 Qe6+ 67. Kd2 Kg4 68. Kd3 Qf5+
69. Ke2 Qh5 70. Qe7 Kg3+ 71. Ke3 Qf3+ 72. Kd2 Qf4+ 73. Ke2
Qc4+ 74. Ke3 Qc3+ 75. Ke2 Qc2+ 76. Ke3 Qf2+ 77. Kd3 Qf3+
78. Kd2 Qf4+ 79. Ke2 Kh3 80. Qg5 Qg4+ 81. Kf1 Qc4+ 82. Kg1
Qd4+ 83. Kf1 Qc4+ 84. Kg1 Qg4+ 85. Kf1 Qxg5 86. hxg5 Kh4
87. Kg2 Kxg5 88. Kg3 1/2-1/2

[Event "European Team Championship"]
[Site "Reykjavik ISL"]
[Date "2015.11.17"]
[EventDate "2015.11.13"]
[Round "5.15"]
[Result "0-1"]
[White "Lars Schandorff"]
[Black "Emanuel Berg"]
[WhiteElo "2519"]
[BlackElo "2575"]
[PlyCount "108"]

1. d4 Nf6 2. c4 g6 3. Nf3 Bg7 4. g3 O-O 5. Bg2 d6 6. O-O Nc6
7. Nc3 Rb8 8. Bf4 a6 9. Rc1 Bg4 10. d5 Na5 11. b3 c5 12. dxc6
Nxc6 13. Qd2 Qa5 14. Rfd1 Rfc8 15. h3 Bxf3 16. Bxf3 h5 17. c5
e5 18. Bg5 dxc5 19. Bxf6 Bxf6 20. Nd5 Qd8 21. Rxc5 Nd4
22. Rdc1 Bg5 23. Rxc8 Bxd2 24. Rxd8+ Rxd8 25. Rc5 Kg7 26. Nb6
Bb4 27. Rd5 Nxf3+ 28. exf3 Rd6 29. Rxd6 Bxd6 30. Nc4 Bc7
31. Kf1 Kf6 32. Ke2 Ke6 33. Kd3 Kd5 34. Ne3+ Kc5 35. Nc2 Kd5
36. Ne3+ Kc5 37. Nc2 f5 38. Ne3 b5 39. g4 e4+ 40. Kd2 Ba5+
41. Ke2 exf3+ 42. Kxf3 fxg4+ 43. hxg4 Kb4 44. gxh5 gxh5 45. a4
bxa4 46. bxa4 Kxa4 47. Nd5 Bd8 48. Ke4 Kb3 49. Nf4 a5 50. Ne6
Be7 51. Nd4+ Kc4 52. f4 a4 53. Nc2 Kc3 54. Nd4 Bc5 0-1

[Event "European Team Championship"]
[Site "Reykjavik ISL"]
[Date "2015.11.17"]
[EventDate "2015.11.13"]
[Round "5.15"]
[Result "0-1"]
[White "Tiger Hillarp Persson"]
[Black "Mads Andersen"]
[WhiteElo "2539"]
[BlackElo "2459"]
[PlyCount "102"]

1. d4 Nf6 2. c4 g6 3. Nc3 Bg7 4. e4 d6 5. Nf3 O-O 6. Be2 e5
7. O-O Nc6 8. d5 Ne7 9. Kh1 Ne8 10. g3 f5 11. Ng5 h6 12. Ne6
Bxe6 13. dxe6 Qc8 14. Nd5 Qxe6 15. Nxe7+ Qxe7 16. Qd5+ Kh8
17. Qxb7 Nf6 18. exf5 gxf5 19. Rb1 Rab8 20. Qf3 Ng4 21. Qg2
Qe6 22. b3 e4 23. f3 Nf6 24. fxe4 fxe4 25. Be3 a5 26. Rf4 Rbe8
27. Rbf1 c6 28. Bd4 d5 29. cxd5 cxd5 30. Bb5 Rb8 31. Qb2 Rxb5
32. Bxf6 Rf7 33. Bxg7+ Rxg7 34. Rf6 Qh3 35. Qc1 Kh7 36. Qc6
Rbb7 37. Qxd5 Rbe7 38. Qd8 Rd7 39. Qa8 Rde7 40. Qd8 Rd7
41. Qa8 Rde7 42. Qc6 Rxg3 43. Rf7+ Rg7 44. Rxg7+ Rxg7
45. Qxe4+ Kg8 46. Qa8+ Kh7 47. Qe4+ Kg8 48. Rd1 Qc8 49. Qd5+
Kh7 50. Qxa5 Rg5 51. Qa7+ Kg8 0-1

[Event "European Team Championship"]
[Site "Reykjavik ISL"]
[Date "2015.11.17"]
[EventDate "2015.11.13"]
[Round "5.15"]
[Result "0-1"]
[White "Bjorn Moller Ochsner"]
[Black "Jonathan Westerberg"]
[WhiteElo "2405"]
[BlackElo "2496"]
[PlyCount "92"]

1. e4 c5 2. Nf3 Nf6 3. Nc3 d5 4. exd5 Nxd5 5. Bb5+ Bd7 6. Ne5
Bxb5 7. Qf3 f6 8. Nxb5 Na6 9. Qh5+ g6 10. Nxg6 hxg6 11. Qxh8
Qd7 12. Nc3 Qe6+ 13. Kf1 Nab4 14. Qh3 Qxh3 15. gxh3 Nc7
16. Rb1 Nxc2 17. Rg1 Kf7 18. d3 Rd8 19. Be3 e5 20. Ke2 Ne6
21. Rgc1 Ncd4+ 22. Kf1 Be7 23. Ne2 Nc6 24. Rc3 Nb4 25. Rd1 f5
26. a3 Nd5 27. Rcc1 b6 28. Bd2 Rh8 29. Kg2 a5 30. Rc4 Bg5
31. Bxg5 Nxg5 32. Ng1 Ne6 33. Kf1 Kf6 34. Rcc1 Nd4 35. Rc4 Nb3
36. Rc2 Nf4 37. Rc3 a4 38. Rc4 b5 39. Rc3 Ke6 40. Nf3 Kd5
41. Re1 Rxh3 42. Rxe5+ Kd6 43. Ng5 Rxh2 44. Nf7+ Kd7 45. Kg1
Rg2+ 46. Kh1 Rxf2 0-1

[Event "European Team Championship"]
[Site "Reykjavik ISL"]
[Date "2015.11.17"]
[EventDate "2015.11.13"]
[Round "5.16"]
[Result "0-1"]
[White "Nderim Saraci"]
[Black "Helgi Dam Ziska"]
[WhiteElo "2215"]
[BlackElo "2523"]
[PlyCount "102"]

1. d4 Nf6 2. c4 g6 3. Nc3 Bg7 4. e4 d6 5. Nf3 O-O 6. Be2 Na6
7. O-O e5 8. d5 Nc5 9. Nd2 a5 10. Qc2 Bh6 11. Nb3 Bxc1
12. Raxc1 Nfd7 13. Bg4 f5 14. exf5 Nxb3 15. axb3 Nc5 16. Na4
Na6 17. f4 e4 18. c5 Nb4 19. Qd2 gxf5 20. Be2 Bd7 21. Rfd1
Bxa4 22. bxa4 dxc5 23. Rxc5 Qd6 24. Rc3 Rad8 25. Rg3+ Kh8
26. Qc3+ Qf6 27. Bc4 Rd6 28. Bb3 Qxc3 29. Rxc3 Rf7 30. Rdc1
Nd3 31. R1c2 Nxf4 32. Rxc7 Rxc7 33. Rxc7 Nxd5 34. Bxd5 Rxd5
35. Rxb7 e3 36. Kf1 f4 37. b4 Rd1+ 38. Ke2 Rd2+ 39. Kf3 Rf2+
40. Kg4 e2 41. Re7 axb4 42. a5 b3 43. a6 b2 44. Re8+ Kg7
45. a7 b1=Q 46. a8=Q Qg6+ 47. Kh4 Qh6+ 48. Kg4 Qg6+ 49. Kh4
Kh6 50. Re5 Qf6+ 51. Kh3 e1=Q 0-1

[Event "European Team Championship"]
[Site "Reykjavik ISL"]
[Date "2015.11.17"]
[EventDate "2015.11.13"]
[Round "5.16"]
[Result "1/2-1/2"]
[White "John Rodgaard"]
[Black "Avni Ermeni"]
[WhiteElo "2350"]
[BlackElo "2285"]
[PlyCount "101"]

1. d4 Nf6 2. c4 c5 3. d5 b5 4. cxb5 a6 5. f3 g6 6. e4 d6
7. Na3 Bg7 8. Ne2 O-O 9. Nc3 Ne8 10. Bc4 Nd7 11. O-O axb5
12. Naxb5 Ba6 13. a4 Nc7 14. Bg5 Nb6 15. Be2 Qd7 16. Qc2 Rfb8
17. Rfb1 Rb7 18. Ra3 Bxb5 19. axb5 Rab8 20. Ra5 Bd4+ 21. Kh1
Nc8 22. g3 Qh3 23. Qd2 Be5 24. Bf1 Qd7 25. Kg2 Qd8 26. Ra2 Qd7
27. Be3 Bg7 28. Be2 e6 29. dxe6 Qxe6 30. Ra5 Nb6 31. Rd1 Nc4
32. Bxc4 Qxc4 33. Qxd6 Bxc3 34. bxc3 Qe2+ 35. Bf2 Nxb5 36. Rd2
Qxf2+ 37. Kxf2 Nxd6 38. Rxd6 Rb2+ 39. Ke3 Rxh2 40. Rxc5 Rb7
41. g4 h6 42. Rd2 Rh1 43. Rc2 Rb3 44. Rd5 Rf1 45. Rd3 Kg7
46. Kf4 Kf6 47. e5+ Ke7 48. Ra2 Rb7 49. Ke4 Re1+ 50. Re3 Rc1
51. Rd3 1/2-1/2

[Event "European Team Championship"]
[Site "Reykjavik ISL"]
[Date "2015.11.17"]
[EventDate "2015.11.13"]
[Round "5.16"]
[Result "1-0"]
[White "Perparim Makoli"]
[Black "Hogni Egilstoft Nielsen"]
[WhiteElo "2223"]
[BlackElo "2300"]
[PlyCount "101"]

1. e4 e5 2. Nf3 Nc6 3. Bb5 a6 4. Ba4 Nf6 5. O-O Be7 6. d3 b5
7. Bb3 d6 8. c3 O-O 9. h3 Nb8 10. Nbd2 c5 11. Re1 Nc6 12. Nf1
h6 13. d4 Qc7 14. Ne3 Re8 15. Nd5 Qd8 16. Nxe7+ Qxe7 17. Bc2
Bb7 18. d5 Nb8 19. b3 Nbd7 20. Nh4 Kh7 21. Nf5 Qf8 22. a4 Ng8
23. Bd2 g6 24. Ne3 Ne7 25. Qe2 bxa4 26. Rxa4 Nb6 27. Ra5 Kh8
28. b4 cxb4 29. Rb1 Reb8 30. Rxb4 Nd7 31. Nc4 Ng8 32. Be3 Bc8
33. Rba4 Ngf6 34. Ra1 Ne8 35. Ba4 Nef6 36. f3 Kh7 37. Qf2 Bb7
38. Bc6 Qe7 39. Ba7 Bxc6 40. dxc6 Rc8 41. Rxa6 Rc7 42. Ne3 Nc5
43. Bxc5 Rxa6 44. Rxa6 dxc5 45. Nd5 Nxd5 46. exd5 Rc8 47. c4
Rb8 48. Ra1 Rb4 49. Qe2 Kg8 50. Re1 f6 51. f4 1-0